书目信息 |
| 题名: |
建筑工程造价实训指导
|
|
| 作者: | 傅鹏斌 , 尹海文 主编 | |
| 分册: | ||
| 出版信息: | 北京 北京理工大学出版社 2009.05 |
|
| 页数: | 166页 | |
| 开本: | 23cm | |
| 丛书名: | ||
| 单 册: | ||
| 中图分类: | TU723.3 | |
| 科图分类: | ||
| 主题词: | 建筑工程--jian zhu gong cheng--工程造价--高等学校--教材 | |
| 电子资源: | ||
| ISBN: | 978-7-5640-2215-0 | |
| 000 | 00946nam0 2200265 450 | |
| 001 | 012009989640 | |
| 005 | 20091128162436.31 | |
| 010 | @a978-7-5640-2215-0@dCNY20.00 | |
| 100 | @a20091128d2009 em y0chiy0120 ea | |
| 101 | 0 | @achi |
| 102 | @aCN@b110000 | |
| 105 | @aak a 000yy | |
| 106 | @ar | |
| 200 | 1 | @a建筑工程造价实训指导@Ajian zhu gong cheng zao jia shi xun zhi dao@f傅鹏斌, 尹海文主编@Ffu peng bin,yin hai wen zhu bian |
| 210 | @a北京@c北京理工大学出版社@d2009.05 | |
| 215 | @a166页@c图@d23cm | |
| 300 | @a21世纪高职高专规划教材·土建类 | |
| 320 | @a有书目 | |
| 330 | @a本书主要内容包括:建筑工程造价概述,建筑工程施工图预算,工程量清单及计价,建筑工程投标与合同价格的确定等。 | |
| 606 | 0 | @a建筑工程@Ajian zhu gong cheng@x工程造价@x高等学校@j教材 |
| 690 | @aTU723.3@v4 | |
| 701 | 0 | @a傅鹏斌@Afu peng bin@4主编 |
| 701 | 0 | @a尹海文@Ayin hai wen@4主编 |
| 801 | 0 | @aCN@bQSSK@c20091128 |
| 905 | @b767655-57@dTU723.3@eF940@f3 | |
| 建筑工程造价实训指导/傅鹏斌, 尹海文主编.-北京:北京理工大学出版社,2009.05 |
| 166页:图;23cm |
| 21世纪高职高专规划教材·土建类 |
| ISBN 978-7-5640-2215-0:CNY20.00 |
| 本书主要内容包括:建筑工程造价概述,建筑工程施工图预算,工程量清单及计价,建筑工程投标与合同价格的确定等。 |
| ● |
| 相关链接 |
|
|
|
正题名:建筑工程造价实训指导
索取号:TU723.3/F940
 
预约/预借
| 序号 | 登录号 | 条形码 | 馆藏地/架位号 | 状态 | 备注 |
| 1 | 767655 | 207676558 | 建筑库201/201建筑库 34排1列4层/ [索取号:TU723.3/F940] | 在馆 | |
| 2 | 767656 | 207676567 | 建筑库201/201建筑库 34排1列4层/ [索取号:TU723.3/F940] | 在馆 | |
| 3 | 767657 | 207676576 | 建筑库201/201建筑库 34排1列4层/ [索取号:TU723.3/F940] | 在馆 |